000 01306nam a2200313Ma 4500
001 transformationsi00will
003 CaSfIA
005 20210119103754.0
007 cr||||
008 861012s1980 cau 000 0 eng d
040 _aCUY
_cCUY
_dBAKER
_dCaSfIA
020 _a0918572185
020 _a9780918572189
035 _a(OCoLC)21854117
050 4 _aBF637.C5
_bW56
100 1 _aWilliams, Strephon Kaplan.
245 1 0 _aTransformations-I :
_h[electronic resource]
_bmeditations in a new age /
_cStrephon Kaplan Williams.
250 _a1st ed.
260 _aBerkeley, Calif. :
_bJourney Press,
_c1980.
300 _a100 p. ;
_c21 cm.
650 0 _aConduct of life.
650 0 _aSpiritual life.
650 0 _aMeditations.
856 4 1 _uhttp://www.archive.org/details/transformationsi00will
_zFree eBook from the Internet Archive
856 4 2 _uhttp://www.openlibrary.org/books/OL11440838M
_zAdditional information and access via Open Library
942 _cEB
506 _fНеобхідна авторизація на https://archive.org/ (створення облікового запису безкоштовно)
506 _fНеобхідна авторизація на https://openlibrary.org/ (створення облікового запису безкоштовно)
999 _c559006
_d559006